[Event "SUI-ch HT"]
[Site "Bern"]
[Date "2014.10.01"]
[Round "6"]
[White "Nuri, Kambez"]
[Black "Wyss, Peter"]
[Result "1-0"]
[WhiteElo "2292"]
[BlackElo "2038"]
[PlyCount "59"]
[EventDate "2014.09.27"]
[EventType "swiss"]
[EventRounds "9"]
[EventCountry "SUI"]
[SourceTitle "EXT 2016"]
[Source "ChessBase"]
[SourceDate "2015.10.08"]
[SourceVersion "1"]
[SourceVersionDate "2015.10.08"]
[SourceQuality "1"]

1. e4 c5 2. Nc3 Nc6 3. Nge2 d6 4. d4 cxd4 5. Nxd4 g6 6. Be3 Bg7 7. Qd2 Nxd4 8. Bxd4 Nf6 9. 0-0-0 0-0 10. Bc4 Bd7 11. f3 Rc8 12. Bb3 Qa5 13. Kb1 Rfe8 14. Bxf6 exf6 15. Qxd6 Be6 16. Nd5 Bxd5 17. Rxd5 Qc7 18. Rhd1 f5 19. exf5 Be5 20. Qxc7 Rxc7 21. Rd7 Re7 22. Rxc7 Bxc7 23. f6 Re8 24. Bd5 b6 25. a4 Be5 26. Re1 Kf8 27. Bc6 Re6 28. Bd7 Rd6 29. Rxe5 Rxd7 30. Re7 1-0

[Event "SUI-ch HT"]
[Site "Bern"]
[Date "2014.09.30"]
[Round "5"]
[White "Wyss, Peter"]
[Black "Musaelyan, Arshavir"]
[Result "1-0"]
[WhiteElo "2038"]
[BlackElo "1891"]
[PlyCount "91"]
[EventDate "2014.09.27"]
[EventType "swiss"]
[EventRounds "9"]
[EventCountry "SUI"]
[SourceTitle "EXT 2016"]
[Source "ChessBase"]
[SourceDate "2015.10.08"]
[SourceVersion "1"]
[SourceVersionDate "2015.10.08"]
[SourceQuality "1"]

1. e4 e6 2. d4 d5 3. e5 c5 4. c3 Nc6 5. Nf3 Bd7 6. Bd3 Qb6 7. 0-0 cxd4 8. cxd4 Nxd4 9. Nxd4 Qxd4 10. Nc3 Qxe5 11. Re1 Qd6 12. Nb5 Bxb5 13. Bxb5+ Ke7 14. Bd2 f5 15. Qa4 Kf7 16. Rac1 Nf6 17. Bf4 Qb4 18. Rc7+ Kg6 19. Rxe6 Qxa4 20. Bxa4 Rd8 21. Rxb7 Bc5 22. Bc7 Rdf8 23. b4 Bd4 24. Bd6 Rc8 25. Bf4 Rc4 26. g3 Bc3 27. a3 Re4 28. Rd6 Bb2 29. Bb3 Rf8 30. Bxd5 Rd4 31. Rxa7 Rxd5 32. Rc6 Rf7 33. Raa6 Rd3 34. a4 Re7 35. Rc2 Rb3 36. b5 Bd4 37. Rac6 Kh5 38. Kg2 Ra7 39. R6c4 Bb6 40. Rc6 Bd4 41. R6c4 Bb6 42. Rc6 Ba5 43. Be3 Rb7 44. Ra6 Bd8 45. Rcc6 Nd5 46. Rh6+ 1-0